Estudio General: anexos de suelos /

Parte del capítulo C: "Suelo" descrito en el volumen II del estudio. Describe detalladamente 26 subgrupos taxonómicos de suelo identificados en la Región Atlántica. Describe los sistemas de análisis para determinar las principales características físico - químicas de los mismos. Las descri...

Full description

Saved in:
Bibliographic Details
Corporate Authors: Nicaragua. Consejo de Planificación Nacional. Dirección de Planificación Nacional, Tahal Consulting Engineers Ltd
Format: Text
Published: Managua: Dirección de Planificación Nacional
Subjects:
Tags: Add Tag
No Tags, Be the first to tag this record!

MARC

LEADER 00000 a a2200000 04500
001 20180
003
040
090 |a 083304  
110 |a Nicaragua. Consejo de Planificación Nacional. Dirección de Planificación Nacional  
245 |a Estudio General: anexos de suelos /  |c Nicaragua. Consejo de Planificación Nacional. Dirección de Planificación Nacional  
260 |a Managua:   |b Dirección de Planificación Nacional  
300 |a 191 p.; v. 4  
520 |a Parte del capítulo C: "Suelo" descrito en el volumen II del estudio. Describe detalladamente 26 subgrupos taxonómicos de suelo identificados en la Región Atlántica. Describe los sistemas de análisis para determinar las principales características físico - químicas de los mismos. Las descripciones técnicas de cada subgrupo de suelo comprende, varias secuencias: localización, distribución, clima, geomorfología, drenaje, vegetación, uso potencial, y otras./ACM  
650 |a NICARAGUA  
650 |a ANALISIS DE SUELOS  
650 |a ESTUDIOS DE SUELO  
650 |a TIPOS DE SUELO  
650 |a CLASIFICACION DE SUELOS  
710 |a Tahal Consulting Engineers Ltd.  
999 |c 4714  |d 4714